000 nam a22 7a 4500
999 _c10214
_d10214
008 180213b ||||| |||| 00| 0 eng d
100 _aSprachen.E.K.
_96211
245 _aWir Grundkurs Deutsch Fur-1
260 _aNew Delhi
_bGoyal
_c2011